000 00343nam a2200109Ia 4500
008 160609s9999 xx 000 0 und d
100 _aGillinger, Christian.
245 _aSocial media: a handbook for journalists
245 _cChristian Gillinger
260 _c2013
856 _uhttp://sverigesradio.se/press/bilder/swedishradio2013_socmed.pdf
999 _c295669
_d295669